| 000 | 00400nam a22001697a 4500 | ||
|---|---|---|---|
| 005 | 20180226122907.0 | ||
| 008 | 160521b xxu||||| |||| 00| 0 eng d | ||
| 020 | _a817188320-6 | ||
| 041 | _aeng | ||
| 082 |
_b4023 _a330.954 |
||
| 100 |
_aShankar Acharya _9999 |
||
| 245 | _aIndian Economy | ||
| 260 |
_aNew Delhi _bAcademic Faundation |
||
| 300 | _a179 | ||
| 650 |
_aManagement _9241 |
||
| 942 | _cBK | ||
| 999 |
_c1361 _d1361 |
||